00558nam a22001697a 450000500170000001000150001702000260003203500130005803700130007108200130008410000190009724501170011626000440023327000360027730000260031350000490033920140313162341.0 aENG-109412 a9788183162623c150.00 aEN-92945 bDBAD/PUB a370.1523 aAruna Mohan,G. aHolistic education with knowledge and self-knowledge based on J. Krishnamurthi's teachings /cby G. Aruna Mohan aHyderabadbNeelkamal Publicationsc2012 aSultan BazarbHyderabade500095 aviii,144p.c22cm(pbk) aIncludes biblographical references and index